000 00325nam a2200133 4500
005 20260530115301.0
100 1 _aAmbrosse - Harris
_931284
245 1 0 _aColour
264 1 _bParramon Ediciones
_c2008
300 _a176 páginas
336 _atexto
_2rdacontent
337 _asin medio
_2rdamedia
338 _avolumen
_2rdacarrier
999 _c12870
_d12870